<?xml version="1.0" encoding="UTF-8"?>
<collection xmlns="http://www.loc.gov/MARC21/slim">
 <record>
  <leader>01634nam a22002291a 4500</leader>
  <controlfield tag="001">1/28415</controlfield>
  <controlfield tag="008">      s2002    lu     f      00010 gre d</controlfield>
  <datafield tag="022" ind1="0" ind2=" ">
   <subfield code="a">0254-1483</subfield>
  </datafield>
  <datafield tag="022" ind1="0" ind2=" ">
   <subfield code="a">0254-1475</subfield>
  </datafield>
  <datafield tag="028" ind1="3" ind2="1">
   <subfield code="a">KT-CO-02-559-GR-C</subfield>
  </datafield>
  <datafield tag="028" ind1="3" ind2="1">
   <subfield code="a">KT-CO-02-559-EN-C</subfield>
  </datafield>
  <datafield tag="035" ind1=" " ind2=" ">
   <subfield code="l">30318</subfield>
  </datafield>
  <datafield tag="040" ind1=" " ind2=" ">
   <subfield code="a">GR-PeUP</subfield>
  </datafield>
  <datafield tag="084" ind1=" " ind2=" ">
   <subfield code="2">KET</subfield>
   <subfield code="a">COM (2002) 546 τελικό</subfield>
  </datafield>
  <datafield tag="110" ind1="2" ind2=" ">
   <subfield code="a">Επιτροπή των Ευρωπαϊκών Κοινοτήτων.</subfield>
  </datafield>
  <datafield tag="245" ind1="1" ind2="0">
   <subfield code="a">Έκθεση της Επιτροπής προς το Συμβούλιο και το Ευρωπαικό Κοινοβούλιο σχετικά με την επιτελεσθείσα πρόοδο στην υλοποίηση ειδικών μέτρων για τα μικρά νησιά του Αιγαίου πελάγους κατά τα έτη 1998 και 1999/</subfield>
   <subfield code="c">Επιτροπή των Ευρωπαικών Κοινοτήτων</subfield>
  </datafield>
  <datafield tag="246" ind1="3" ind2=" ">
   <subfield code="a">Report from the Commission to the Council and the European Parliament on progress in implementation of the specific measures for the smaller Aegean islands in 1998 and 1999</subfield>
  </datafield>
  <datafield tag="260" ind1="0" ind2=" ">
   <subfield code="a">Βρυξέλλες, Λουξεμβούργο:</subfield>
   <subfield code="b">Υπηρεσία Επισήμων Εκδόσεων των Ευρωπαϊκών Κοινοτήτων,</subfield>
   <subfield code="c">7.10.2002</subfield>
  </datafield>
  <datafield tag="300" ind1=" " ind2=" ">
   <subfield code="a">29 σ.</subfield>
  </datafield>
  <datafield tag="852" ind1=" " ind2=" ">
   <subfield code="a">INST</subfield>
   <subfield code="b">UNIPILB</subfield>
   <subfield code="c">KET</subfield>
   <subfield code="e">20050919</subfield>
   <subfield code="h">COM (2002) 546</subfield>
   <subfield code="p">COM (2002) 546</subfield>
   <subfield code="q">COM (2002) 546</subfield>
   <subfield code="t">NOLOAN</subfield>
   <subfield code="y">23</subfield>
   <subfield code="4">1</subfield>
  </datafield>
  <datafield tag="856" ind1="7" ind2="8">
   <subfield code="u">https://eur-lex.europa.eu/legal-content/EL/TXT/PDF/?uri=CELEX:52002DC0546&amp;qid=1551422996489&amp;from=EL</subfield>
  </datafield>
  <datafield tag="856" ind1="7" ind2="8">
   <subfield code="u">https://eur-lex.europa.eu/legal-content/EN/TXT/PDF/?uri=CELEX:52002DC0546&amp;qid=1551422996489&amp;from=EL</subfield>
  </datafield>
 </record>
</collection>
